[Event "Xtracon Chess Open 2016"]
[Site "Elsinore"]
[Date "2016.07.29"]
[Round "8.157"]
[White "Mottang, Harald"]
[Black "Densing, Gerd"]
[Result "0-1"]
[WhiteElo "1597"]
[BlackElo "1814"]
[PlyCount "50"]
[EventDate "2016.07.23"]

1. Nf3 b6 2. c4 Bb7 3. Nc3 e6 4. d4 Bb4 5. Bf4 Bxc3+ 6. bxc3 Ne7 7. Qd3 d6 8.
e4 Ng6 9. Bg3 O-O 10. Be2 Nd7 11. h4 e5 12. d5 Nf4 13. Bxf4 exf4 14. Nd4 Re8
15. f3 Ba6 16. Kf2 Ne5 17. Qd2 Qf6 18. Nb5 Bxb5 19. cxb5 Nd7 20. Rag1 Nc5 21.
Qd4 Re5 22. g4 fxg3+ 23. Rxg3 Nxe4+ 24. Kg2 Nxg3 25. Kxg3 Rxe2 0-1

[Event "Xtracon Chess Open 2016"]
[Site "Elsinore"]
[Date "2016.07.29"]
[Round "8.158"]
[White "Lindsjorn, Yngve"]
[Black "Weber, Andreas"]
[Result "1/2-1/2"]
[WhiteElo "1582"]
[BlackElo "1808"]
[PlyCount "98"]
[EventDate "2016.07.23"]

1. e4 d5 2. exd5 Nf6 3. d4 Bg4 4. Be2 Bxe2 5. Nxe2 Qxd5 6. O-O Nc6 7. Nbc3 Qd7
8. Be3 O-O-O 9. h3 Rg8 10. Qd2 h6 11. Rad1 g5 12. a3 g4 13. h4 Qf5 14. Ng3 Qg6
15. Nce2 e5 16. c3 Nh5 17. Nxh5 Qxh5 18. g3 f5 19. Qc1 f4 20. gxf4 exf4 21.
Bxf4 Qxh4 22. Bg3 Qh5 23. Nf4 Qf7 24. d5 Ne5 25. Ne6 Nf3+ 26. Kg2 Rd7 27. Qf4
Qxf4 28. Bxf4 Nh4+ 29. Kg3 Nf5+ 30. Kg2 Bd6 31. Rh1 Bxf4 32. Nxf4 Rf7 33. Nh5
Rgf8 34. Rd2 Nd6 35. Ng3 Rh8 36. Re2 Nc4 37. Rhe1 Kd7 38. Re4 Nxb2 39. Rxg4 Nd3
40. Rf1 h5 41. Rh4 Nf4+ 42. Kh2 Kd6 43. c4 Kc5 44. Ne4+ Kd4 45. Ng5 Rf6 46.
Ne6+ Ke4 47. Re1+ Kf3 48. Rxf4+ Rxf4 49. Nxf4 Kxf4 1/2-1/2

[Event "Xtracon Chess Open 2016"]
[Site "Elsinore"]
[Date "2016.07.29"]
[Round "8.159"]
[White "Nilssen, Steinar"]
[Black "Winther, Bjarke Rosenborg"]
[Result "0-1"]
[WhiteElo "1575"]
[BlackElo "1786"]
[PlyCount "82"]
[EventDate "2016.07.23"]

1. e4 c5 2. Nf3 d6 3. g3 Nf6 4. d3 Bg4 5. h3 Bd7 6. Bg2 Nc6 7. O-O g6 8. Nbd2
Bg7 9. c3 O-O 10. Re1 Qc7 11. a3 a5 12. Nc4 b5 13. Ne3 e6 14. Nc2 Rfd8 15. Bd2
Rab8 16. Rb1 a4 17. Na1 Na5 18. b3 axb3 19. Nxb3 Nxb3 20. Qxb3 Ne8 21. d4 c4
22. Qd1 e5 23. d5 Ra8 24. Ra1 Ra4 25. Bc1 Rda8 26. h4 Qc8 27. Nh2 Nc7 28. Bf3
Na6 29. Be3 Nc5 30. Bxc5 Qxc5 31. Qc1 Rxa3 32. Rb1 Ra2 33. Re2 Rxe2 34. Bxe2
Ra2 35. Rb2 Qa3 36. Rb1 Qxc1+ 37. Rxc1 Rxe2 38. Kg2 Ra2 39. Kf3 Bh6 40. Rb1 Bd2
41. Ng4 Kg7 0-1

[Event "Xtracon Chess Open 2016"]
[Site "Elsinore"]
[Date "2016.07.29"]
[Round "8.160"]
[White "Opseth, Oliver"]
[Black "Pedersen, Carl Aage"]
[Result "1/2-1/2"]
[WhiteElo "1545"]
[BlackElo "1781"]
[PlyCount "48"]
[EventDate "2016.07.23"]

1. d4 d5 2. c4 e6 3. Nc3 Nf6 4. Bg5 Nbd7 5. Nf3 c6 6. e3 Be7 7. cxd5 exd5 8.
Bd3 h6 9. Bh4 O-O 10. O-O Ne4 11. Bxe7 Qxe7 12. Qc2 Ndf6 13. Ne5 Nxc3 14. bxc3
Ng4 15. Nxg4 Bxg4 16. Rab1 Be6 17. c4 dxc4 18. Bxc4 Bxc4 19. Qxc4 Rfd8 20. Qb4
Rd7 21. Qxe7 Rxe7 22. Rb3 Rd8 23. Rfb1 Rdd7 24. a4 Kf8 1/2-1/2

[Event "Xtracon Chess Open 2016"]
[Site "Elsinore"]
[Date "2016.07.29"]
[Round "8.161"]
[White "Rendlev, Niels Moller"]
[Black "Tryggestad, Linnea Garberg"]
[Result "1/2-1/2"]
[WhiteElo "1771"]
[BlackElo "1525"]
[PlyCount "145"]
[EventDate "2016.07.23"]

1. e4 c6 2. d4 d5 3. Nc3 dxe4 4. Nxe4 Bf5 5. Ng3 Bg6 6. Nf3 Nd7 7. Bd3 Bxd3 8.
Qxd3 Ngf6 9. c4 e6 10. O-O Bd6 11. b3 O-O 12. Bb2 b6 13. Rfe1 c5 14. Rad1 Bxg3
15. hxg3 Qc7 16. Re2 Rfd8 17. Red2 h6 18. d5 exd5 19. cxd5 Qd6 20. Qf5 g6 21.
Qh3 h5 22. Qh4 Ng4 23. Qg5 Ndf6 24. Re1 Nh7 25. Qe7 Qxe7 26. Rxe7 Re8 27. d6
Nhf6 28. Rde2 Rxe7 29. dxe7 Re8 30. Nh2 Nxh2 31. Bxf6 Ng4 32. Bc3 f5 33. f3 Nh6
34. Bf6 Kf7 35. Bg5 Ng8 36. g4 hxg4 37. fxg4 Nxe7 38. Rd2 Nc6 39. gxf5 gxf5 40.
Rd7+ Kg6 41. Bh4 Re6 42. Kf1 Kh5 43. Bf2 Kg5 44. g3 Re7 45. Rd2 Ne5 46. Be3+
Kg4 47. Bf2 Nf3 48. Rd8 Ne5 49. Kg2 Nc6 50. Rg8+ Kh5 51. Kf3 Re4 52. Be3 Ne5+
53. Ke2 Ng4 54. Rg5+ Kh6 55. Rxg4+ Rxe3+ 56. Kxe3 fxg4 57. Kf4 Kh5 58. Ke5 Kg5
59. a4 a6 60. Ke4 Kf6 61. Kd5 Kf5 62. Kc6 Ke4 63. Kxb6 Kf3 64. Kxa6 Kxg3 65.
Kb6 Kf2 66. a5 g3 67. a6 g2 68. a7 g1=Q 69. a8=Q Qd1 70. Qf8+ Ke2 71. Qe7+ Kf2
72. Qf6+ Kg1 73. Qg5+ 1/2-1/2

[Event "Xtracon Chess Open 2016"]
[Site "Elsinore"]
[Date "2016.07.29"]
[Round "8.162"]
[White "Gaure, Sigurd Lauvas"]
[Black "Andersen, Claus"]
[Result "1/2-1/2"]
[WhiteElo "1514"]
[BlackElo "1766"]
[PlyCount "47"]
[EventDate "2016.07.23"]

1. e4 e5 2. Nf3 Nf6 3. Nc3 Bb4 4. a3 Bxc3 5. dxc3 d6 6. Bd3 Bg4 7. O-O Nbd7 8.
Bg5 h6 9. Bh4 g5 10. Bg3 Qe7 11. Qe2 O-O-O 12. Qe3 Bxf3 13. Qxf3 Rdg8 14. Bc4
h5 15. h4 g4 16. Qe3 Kb8 17. b4 Nb6 18. Bb3 Qd7 19. f3 Rg7 20. f4 Qe7 21. fxe5
dxe5 22. Rf5 Nfd7 23. Raf1 f6 24. c4 1/2-1/2

[Event "Xtracon Chess Open 2016"]
[Site "Elsinore"]
[Date "2016.07.29"]
[Round "8.163"]
[White "Narheim, Mats"]
[Black "Fjellengen, Bard"]
[Result "1-0"]
[WhiteElo "1467"]
[BlackElo "1764"]
[PlyCount "57"]
[EventDate "2016.07.23"]

1. e4 c5 2. Nc3 Nc6 3. Bc4 e6 4. f4 d6 5. f5 exf5 6. exf5 Bxf5 7. Nf3 Qe7+ 8.
Ne2 O-O-O 9. O-O d5 10. Bb5 Nb4 11. d3 a6 12. Ba4 b5 13. Bb3 c4 14. a3 Nc6 15.
Ba2 cxd3 16. cxd3 Kb7 17. Nf4 Nf6 18. Re1 Qd7 19. Be3 Bd6 20. a4 Bb4 21. Re2
Rhe8 22. axb5 axb5 23. d4 Bg4 24. Qd3 Kb6 25. Ne5 Nxe5 26. dxe5+ d4 27. Nd5+
Qxd5 28. Bxd5 Bxe2 29. Qxd4+ 1-0

[Event "Xtracon Chess Open 2016"]
[Site "Elsinore"]
[Date "2016.07.29"]
[Round "8.164"]
[White "Kharraziha, Hamid"]
[Black "Norevall, Ulf"]
[Result "0-1"]
[WhiteElo "1427"]
[BlackElo "1749"]
[PlyCount "48"]
[EventDate "2016.07.23"]

1. e4 c5 2. Nf3 Nc6 3. d4 cxd4 4. Nxd4 Nf6 5. Nc3 e5 6. Ndb5 d6 7. Bg5 a6 8.
Na3 b5 9. Bxb5 axb5 10. Naxb5 Be7 11. Bxf6 gxf6 12. Nd5 Ra4 13. Nbc7+ Kf8 14.
O-O h5 15. c3 Rxe4 16. Qf3 f5 17. a4 Rg4 18. b4 e4 19. Qd1 Rhg8 20. a5 Ne5 21.
g3 Bh4 22. Kh1 Nf3 23. h3 Bxg3 24. fxg3 Rxg3 0-1

[Event "Xtracon Chess Open 2016"]
[Site "Elsinore"]
[Date "2016.07.29"]
[Round "8.165"]
[White "Tjora, Alexander"]
[Black "Pedersen, Kim Michael"]
[Result "0-1"]
[WhiteElo "1411"]
[BlackElo "1745"]
[PlyCount "72"]
[EventDate "2016.07.23"]

1. d4 d5 2. c4 c6 3. Nf3 Nf6 4. Nc3 g6 5. cxd5 cxd5 6. Bf4 Nc6 7. Nb5 Qa5+ 8.
Nc3 Bg7 9. e3 O-O 10. Be2 Ne4 11. Qb3 Qd8 12. Qxd5 Bf5 13. Qxd8 Rfxd8 14. Rc1
Rac8 15. O-O Nb4 16. a3 Nxc3 17. Rxc3 Nd5 18. Rb3 Nxf4 19. exf4 b6 20. Rb4 Be4
21. Rd1 Rc2 22. Rd2 Rdc8 23. Rxc2 Rxc2 24. Bf1 Rc1 25. Rc4 Rxf1+ 26. Kxf1 Bd3+
27. Ke1 Bxc4 28. Kd2 Bd5 29. Kc3 Bxf3 30. gxf3 e6 31. b3 Kf8 32. Kc4 Ke7 33. d5
Bh6 34. dxe6 Kxe6 35. Kb5 Bxf4 36. h3 Be5 0-1

[Event "Xtracon Chess Open 2016"]
[Site "Elsinore"]
[Date "2016.07.29"]
[Round "8.166"]
[White "Werner, Jakob"]
[Black "Larsen, Alex"]
[Result "1-0"]
[WhiteElo "1733"]
[BlackElo "1442"]
[PlyCount "61"]
[EventDate "2016.07.23"]

1. d4 d5 2. c4 e5 3. dxe5 d4 4. Nf3 Nc6 5. g3 g6 6. Bg2 Be6 7. b3 Bb4+ 8. Bd2
d3 9. O-O dxe2 10. Qxe2 Qe7 11. Bg5 Qc5 12. Nbd2 Bc3 13. Rad1 Bxd2 14. Rxd2 h6
15. Be3 Qa5 16. Rfd1 Kf8 17. Nd4 Nxd4 18. Bxd4 c6 19. Ba1 Kg7 20. Qf3 h5 21. h3
g5 22. Qe3 Kg6 23. Be4+ f5 24. exf6+ Bf5 25. f7 Nf6 26. Bxf5+ Qxf5 27. Rd6 Qxh3
28. Rxf6+ Kg7 29. Qxg5+ Kf8 30. Qc5+ Kg7 31. Rf3+ 1-0

[Event "Xtracon Chess Open 2016"]
[Site "Elsinore"]
[Date "2016.07.29"]
[Round "8.167"]
[White "Huse, Lars Paul"]
[Black "Petersen, Rasmus"]
[Result "0-1"]
[WhiteElo "1121"]
[BlackElo "1730"]
[PlyCount "126"]
[EventDate "2016.07.23"]

1. e4 d5 2. exd5 Qxd5 3. Nc3 Qa5 4. Nf3 Nf6 5. d3 Bg4 6. Be2 e6 7. a3 c6 8. Bd2
Nbd7 9. O-O Be7 10. h3 Bh5 11. Ne4 Qc7 12. Nxf6+ Nxf6 13. g3 Bd6 14. Qe1 O-O
15. Bb4 c5 16. Bc3 Nd5 17. Bd2 Rad8 18. Kg2 Rfe8 19. Ng1 Bg6 20. c4 Ne7 21. Qc1
Be5 22. Qc2 Qd7 23. Bc3 Bxc3 24. Qxc3 Bxd3 25. Rad1 Qc6+ 26. f3 Bxe2 27. Nxe2
Rd7 28. Nf4 Red8 29. Rxd7 Qxd7 30. g4 Qd2+ 31. Qxd2 Rxd2+ 32. Rf2 Rxf2+ 33.
Kxf2 Nc6 34. Ne2 Na5 35. Nc3 Nxc4 36. Na4 b6 37. Ke2 Kf8 38. Kd3 Nd6 39. Nc3
Ke7 40. b3 Kf6 41. h4 b5 42. Ke3 a5 43. Ne2 e5 44. Nc1 Ke6 45. Nd3 c4 46. Nc5+
Kd5 47. b4 axb4 48. axb4 f5 49. h5 f4+ 50. Ke2 g6 51. h6 Nf7 52. Ne4 Nxh6 53.
Nf6+ Kd4 54. Kd2 Nf7 55. Nxh7 g5 56. Nf6 c3+ 57. Kc2 Ke3 58. Ne4 Kxf3 59. Nf6
e4 60. Kxc3 e3 61. Kd3 Ne5+ 62. Kc2 Nc6 63. Kd1 Nxb4 0-1

[Event "Xtracon Chess Open 2016"]
[Site "Elsinore"]
[Date "2016.07.29"]
[Round "8.168"]
[White "Trasti, Nora Christine"]
[Black "Nielsen, Jorgen Kamp"]
[Result "0-1"]
[WhiteElo "1367"]
[BlackElo "1727"]
[PlyCount "54"]
[EventDate "2016.07.23"]

1. d4 Nf6 2. c4 c5 3. d5 e5 4. Nc3 d6 5. e4 Be7 6. f3 h5 7. Be3 Nbd7 8. Qa4 O-O
9. Qc2 Re8 10. O-O-O Nf8 11. h4 Ng6 12. g3 Bd7 13. Nh3 a6 14. Ng5 Qa5 15. Bh3
Bxh3 16. Rxh3 b5 17. cxb5 axb5 18. Nb1 Qxa2 19. Rd3 b4 20. Qb3 Qa6 21. Rd1 Rab8
22. Nd2 c4 23. Qc2 Rec8 24. Rg1 c3 25. Nb3 cxb2+ 26. Kxb2 Rxc2+ 27. Kxc2 Qa2+
0-1

[Event "Xtracon Chess Open 2016"]
[Site "Elsinore"]
[Date "2016.07.29"]
[Round "8.170"]
[White "Bratteteig, Tore Inge"]
[Black "Shehzad, Alisha"]
[Result "1-0"]
[WhiteElo "1710"]
[BlackElo "1514"]
[PlyCount "67"]
[EventDate "2016.07.23"]

1. d4 Nf6 2. c4 e6 3. Nf3 Bb4+ 4. Bd2 Bxd2+ 5. Qxd2 O-O 6. Nc3 d5 7. e3 b6 8.
cxd5 Nxd5 9. Rc1 Nd7 10. e4 N5f6 11. Bd3 Bb7 12. O-O c5 13. Rfd1 cxd4 14. Nxd4
Nc5 15. e5 Nxd3 16. Qxd3 Nd5 17. Qg3 Rc8 18. Ndb5 Ra8 19. Nd6 Qe7 20. Nxb7 Qxb7
21. Nb5 Rad8 22. Nd6 Qe7 23. f4 Kh8 24. f5 Nc7 25. f6 gxf6 26. exf6 Qxf6 27.
Rxc7 a5 28. Rxf7 Qh6 29. Qf2 Rg8 30. Rf6 Qh5 31. Qd4 Rg7 32. Rxe6 Qg5 33. Nf7+
Kg8 34. Nxg5 1-0

[Event "Xtracon Chess Open 2016"]
[Site "Elsinore"]
[Date "2016.07.29"]
[Round "8.171"]
[White "Kristensen, Thomas Overgaard"]
[Black "Lavrsen, Frands Winther"]
[Result "0-1"]
[WhiteElo "1568"]
[BlackElo "1851"]
[PlyCount "58"]
[EventDate "2016.07.23"]

1. d4 d5 2. c4 Nc6 3. Nf3 Nf6 4. Nc3 Bf5 5. Bg5 e6 6. cxd5 exd5 7. Bxf6 gxf6 8.
e3 Rg8 9. Nh4 Be6 10. Be2 f5 11. g3 Qf6 12. Nf3 O-O-O 13. O-O f4 14. exf4 Qxf4
15. Nb5 Be7 16. Rc1 a6 17. Nc3 h5 18. Qa4 Nb8 19. Ne5 h4 20. Nb5 axb5 21. Qa5
Bd6 22. Rc3 hxg3 23. hxg3 Qxd4 24. Rfc1 Qxe5 25. Bxb5 Bd7 26. Re3 Qd4 27. Re7
Rxg3+ 28. Kf1 Bxb5+ 29. Ke1 Rg1# 0-1

[Event "Xtracon Chess Open 2016"]
[Site "Elsinore"]
[Date "2016.07.29"]
[Round "8.172"]
[White "Madison, Sigurd"]
[Black "Jensen, Jonbert"]
[Result "1-0"]
[WhiteElo "1846"]
[BlackElo "1492"]
[PlyCount "69"]
[EventDate "2016.07.23"]

1. e4 d6 2. d4 Nf6 3. Nd2 g6 4. Be2 Bg7 5. c3 O-O 6. Bf3 Nc6 7. Ne2 Bg4 8. Ng3
Bxf3 9. Qxf3 e5 10. O-O Qd7 11. d5 Ne7 12. h3 Ne8 13. Qd3 f5 14. exf5 Nxf5 15.
Nde4 Nxg3 16. Nxg3 Nf6 17. Bg5 Rae8 18. Rad1 Qa4 19. b4 a6 20. Rfe1 Qxa2 21.
Bxf6 Bxf6 22. Ra1 Qb2 23. Ne4 Bh4 24. g3 Bd8 25. Reb1 Qxa1 26. Rxa1 Rf5 27. c4
Ref8 28. Re1 Rf3 29. Re3 R3f5 30. c5 Kg7 31. Qc3 Be7 32. c6 b5 33. Qa3 Rb8 34.
Qxa6 Rff8 35. Qa7 1-0

[Event "Xtracon Chess Open 2016"]
[Site "Elsinore"]
[Date "2016.07.29"]
[Round "8.173"]
[White "Maselli, David"]
[Black "Nielsen, Palle"]
[Result "0-1"]
[WhiteElo "1567"]
[BlackElo "1778"]
[PlyCount "120"]
[EventDate "2016.07.23"]

1. d4 d5 2. Nc3 Nf6 3. Bg5 e6 4. e4 h6 5. Bxf6 Qxf6 6. e5 Qd8 7. Nf3 c5 8. Bb5+
Bd7 9. Bxd7+ Nxd7 10. Ne2 cxd4 11. Nexd4 Bc5 12. c3 O-O 13. O-O Rc8 14. Qb3 Qc7
15. Rfe1 a6 16. a4 Ba7 17. Qd1 Bb8 18. Qe2 Qb6 19. Qd2 Nc5 20. Qc2 Ne4 21. Rf1
Rc4 22. Qb3 Qc7 23. Ne2 Qd7 24. Ng3 Nc5 25. Qd1 Rxa4 26. Rxa4 Qxa4 27. Qxa4
Nxa4 28. Ne2 Nb6 29. b3 Nd7 30. c4 Nxe5 31. Nxe5 Bxe5 32. cxd5 exd5 33. f4 Bf6
34. Rc1 Re8 35. Kf2 g5 36. fxg5 hxg5 37. Rc7 b5 38. Rd7 Rd8 39. Rxd8+ Bxd8 40.
Ke3 Bb6+ 41. Kd3 Kg7 42. Nc3 Bg1 43. h3 Kf6 44. Nxd5+ Ke5 45. Nc7 Kf4 46. Nxa6
Kg3 47. Nc7 Kxg2 48. Nxb5 f5 49. Nd6 f4 50. Ne4 f3 51. Nd2 Bc5 52. Ne4 f2 53.
Nxf2 Bxf2 54. Ke2 Bb6 55. b4 Kxh3 56. Kf1 g4 57. b5 g3 58. Ke2 g2 59. Kd3 g1=Q
60. Kc4 Qd4+ 0-1

[Event "Xtracon Chess Open 2016"]
[Site "Elsinore"]
[Date "2016.07.29"]
[Round "8.174"]
[White "Overmark, Ole"]
[Black "Cithu, Arun Vijay"]
[Result "0-1"]
[WhiteElo "1775"]
[BlackElo "1501"]
[PlyCount "104"]
[EventDate "2016.07.23"]

1. e4 e6 2. d4 d5 3. e5 c5 4. c3 Nc6 5. Nf3 Qb6 6. Bd3 cxd4 7. O-O dxc3 8. Nxc3
f6 9. exf6 Nxf6 10. Ng5 Be7 11. Re1 e5 12. a3 O-O 13. Na4 Qc7 14. h3 h6 15. Nf3
e4 16. Bxe4 dxe4 17. Qb3+ Kh8 18. Nh4 Kh7 19. Qc2 Bd6 20. Nf3 Ne5 21. Nc3 Kg8
22. Nd4 a6 23. Re2 Nd3 24. Qb3+ Kh8 25. Be3 Nf4 26. Rc2 Qf7 27. Qb6 Bc7 28. Qb4
Nd3 29. Qb3 Qxb3 30. Nxb3 Be5 31. Nc5 Bxc3 32. Rxc3 Nxc5 33. Rxc5 Be6 34. Re5
Bd5 35. g4 Bc6 36. g5 hxg5 37. Rxg5 Nd5 38. Bd4 Nf6 39. Kh2 Rad8 40. Bc3 Rd5
41. Rg3 Rf5 42. Rag1 Rxf2+ 43. R1g2 Rxg2+ 44. Rxg2 e3 45. Re2 Nd5 46. Bd4 Re8
47. Kg3 Bb5 48. Re1 e2 49. h4 Rf8 50. Bf2 Nf6 51. Be3 Ne4+ 52. Kg2 Rf1 0-1

[Event "Xtracon Chess Open 2016"]
[Site "Elsinore"]
[Date "2016.07.29"]
[Round "8.175"]
[White "Sebastian, Andreas"]
[Black "Linjord, David Jess"]
[Result "1-0"]
[WhiteElo "1754"]
[BlackElo "1488"]
[PlyCount "103"]
[EventDate "2016.07.23"]

1. e4 e6 2. f4 d5 3. e5 Bc5 4. d4 Bb6 5. Nf3 c5 6. c3 Nc6 7. Na3 cxd4 8. cxd4
a6 9. Nc2 Nge7 10. Bd3 Bd7 11. O-O Qc7 12. b3 O-O-O 13. Ba3 Rdg8 14. Bd6 Qd8
15. Qe2 Nf5 16. Bxf5 exf5 17. Rac1 Bc7 18. Nb4 Bxd6 19. exd6 Qa5 20. Nxc6 Bxc6
21. Ne5 Qb6 22. Nxf7 Re8 23. Qd3 Rhf8 24. d7+ Kxd7 25. Qxf5+ Re6 26. Ne5+ Ke7
27. Qxh7 Qxd4+ 28. Kh1 Rxf4 29. Ng6+ Rxg6 30. Qxg6 Rxf1+ 31. Rxf1 Qe5 32. Rf7+
Kd8 33. h3 d4 34. Qxg7 Qxg7 35. Rxg7 d3 36. Rg4 Ke7 37. Rd4 a5 38. Rxd3 b5 39.
Kh2 a4 40. g4 axb3 41. axb3 Kf7 42. Rd6 Be8 43. Kg3 Kg7 44. Kf4 Bf7 45. b4 Be8
46. h4 Kh7 47. h5 Kg7 48. Kf5 Bf7 49. h6+ Kh7 50. Rd7 Kxh6 51. g5+ Kh5 52. Rxf7
1-0

[Event "Xtracon Chess Open 2016"]
[Site "Elsinore"]
[Date "2016.07.29"]
[Round "8.176"]
[White "Nielsen, Leo"]
[Black "Wanvik, Tim"]
[Result "1/2-1/2"]
[WhiteElo "1749"]
[BlackElo "1479"]
[PlyCount "102"]
[EventDate "2016.07.23"]

1. e4 e5 2. Nf3 Nc6 3. d4 exd4 4. Nxd4 Bc5 5. c3 Qf6 6. Be3 Nge7 7. Bb5 a6 8.
Bc4 b5 9. Bd5 Nxd5 10. exd5 Nxd4 11. cxd4 Bb4+ 12. Nc3 O-O 13. O-O Bb7 14. Qb3
Bxc3 15. bxc3 Qd6 16. c4 bxc4 17. Qxc4 Qxd5 18. Qxd5 Bxd5 19. Bf4 c6 20. Rfe1
Rfe8 21. Re3 f6 22. a3 Kf7 23. Rb1 Rxe3 24. fxe3 Ke7 25. h4 Rc8 26. Rb6 Bc4 27.
Rb4 Bb5 28. Kf2 a5 29. Rb3 a4 30. Rc3 Ke6 31. e4 d5 32. Ke3 dxe4 33. Kxe4 f5+
34. Ke3 Re8 35. Rc5 g6 36. g3 Re7 37. Be5 Rb7 38. Kf4 h6 39. Ke3 g5 40. Kf3 Kf7
41. g4 fxg4+ 42. Kxg4 Kg6 43. hxg5 hxg5 44. Kg3 Rd7 45. Rc3 Rf7 46. Rc5 Rd7 47.
Rc2 Rf7 48. Rc5 Rd7 49. Rc2 Rf7 50. Kg4 Rd7 51. Rf2 Rf7 1/2-1/2

[Event "Xtracon Chess Open 2016"]
[Site "Elsinore"]
[Date "2016.07.29"]
[Round "8.177"]
[White "Wadtland, Flemming"]
[Black "Andersen, Johnny"]
[Result "1-0"]
[WhiteElo "1504"]
[BlackElo "1740"]
[PlyCount "41"]
[EventDate "2016.07.23"]

1. Nf3 b6 2. g3 Bb7 3. d4 e6 4. Bg2 Nf6 5. O-O Be7 6. c4 O-O 7. b3 d5 8. Bb2
Nbd7 9. Nc3 c5 10. e3 a6 11. cxd5 Nxd5 12. Rc1 Rc8 13. Ba3 Re8 14. Ne2 Nb4 15.
Qd2 Nf6 16. Bxb4 cxb4 17. Rxc8 Qxc8 18. Rc1 Qd7 19. Ne5 Qb5 20. Bxb7 Nd5 21.
Bc6 1-0

[Event "Xtracon Chess Open 2016"]
[Site "Elsinore"]
[Date "2016.07.29"]
[Round "8.178"]
[White "Madsen, Dennis"]
[Black "Janse, Circe"]
[Result "1-0"]
[WhiteElo "1665"]
[BlackElo "1427"]
[PlyCount "83"]
[EventDate "2016.07.23"]

1. d4 d5 2. e4 dxe4 3. Nc3 Nf6 4. f3 exf3 5. Nxf3 e6 6. Bc4 Bb4 7. O-O O-O 8.
Ne2 Nc6 9. c3 Bd6 10. Bg5 h6 11. Bh4 Be7 12. Qe1 Ng4 13. Bxe7 Qxe7 14. Ng3 e5
15. h3 Nf6 16. Nh4 exd4 17. Ng6 Qxe1 18. Raxe1 Rd8 19. Ne7+ Kf8 20. Nxc6 bxc6
21. Ne4 Nd5 22. cxd4 Bb7 23. Nc5 Rab8 24. Ne6+ Kg8 25. Nxd8 Rxd8 26. a4 Nf6 27.
Rd1 Nd5 28. Rde1 Nf6 29. Re7 Rxd4 30. Bxf7+ Kf8 31. Rxc7 Ba6 32. Rc1 Rxa4 33.
R1xc6 Ra1+ 34. Kh2 Bb5 35. Rc5 Bd7 36. Bg6 Ra2 37. Rb7 Ra6 38. Rcc7 Rd6 39.
Rxa7 Ke7 40. Bf5 g6 41. Bxd7 Nxd7 42. b4 1-0

[Event "Xtracon Chess Open 2016"]
[Site "Elsinore"]
[Date "2016.07.29"]
[Round "8.179"]
[White "Jensen, Hans Askov"]
[Black "Gjare, Vidar"]
[Result "1-0"]
[WhiteElo "1469"]
[BlackElo "1646"]
[PlyCount "91"]
[EventDate "2016.07.23"]

1. e4 d5 2. exd5 Nf6 3. Nc3 Nxd5 4. Nxd5 Qxd5 5. Nf3 Nc6 6. b3 Bg4 7. Be2 e6 8.
Bb2 f6 9. h3 Bh5 10. c4 Qd7 11. Nh4 Bf7 12. O-O Be7 13. d4 g5 14. Nf3 h5 15. d5
exd5 16. Nxg5 Qf5 17. Nxf7 Kxf7 18. cxd5 Rad8 19. Bc4 Kf8 20. Qe2 Ne5 21. Bxe5
fxe5 22. Rae1 Bf6 23. Qe4 Qxe4 24. Rxe4 Kg7 25. a4 Rd6 26. f4 exf4 27. Rfxf4 c6
28. Re6 Rxe6 29. dxe6 Re8 30. g4 hxg4 31. hxg4 Kg6 32. Kg2 b5 33. axb5 cxb5 34.
Bd3+ Kg7 35. Re4 a6 36. Kf3 Bg5 37. Re2 Rc8 38. Rc2 Rd8 39. Bf5 Rd6 40. Ke4 Bd8
41. Ke5 Rd1 42. Rc8 Bf6+ 43. Ke4 Rd4+ 44. Ke3 Rd5 45. Rc7+ Kh6 46. Rh7+ 1-0

[Event "Xtracon Chess Open 2016"]
[Site "Elsinore"]
[Date "2016.07.29"]
[Round "8.180"]
[White "Hein, Jacob"]
[Black "Rygg, Andreas Gangstad"]
[Result "0-1"]
[WhiteElo "1447"]
[BlackElo "1631"]
[PlyCount "94"]
[EventDate "2016.07.23"]

1. c4 Nf6 2. Nc3 c5 3. Nf3 Nc6 4. e3 d5 5. d4 Bf5 6. Be2 e6 7. Qa4 Bd6 8. dxc5
Bxc5 9. Ne5 Qa5 10. Qb5 Qxb5 11. Nxb5 Nxe5 12. Nc7+ Ke7 13. Nxa8 Rxa8 14. O-O
Nxc4 15. Bxc4 dxc4 16. Bd2 Bd3 17. Rfc1 Ne4 18. Be1 Bd6 19. f3 Nc5 20. Bg3 Bxg3
21. hxg3 a5 22. Kf2 b5 23. Rh1 Bg6 24. Rac1 Nd3+ 25. Ke2 Nxc1+ 26. Rxc1 Rd8 27.
e4 f5 28. e5 f4 29. gxf4 Bd3+ 30. Kf2 b4 31. Ke3 h5 32. Rh1 g6 33. g4 Rh8 34.
Kd4 Rd8+ 35. Ke3 hxg4 36. Rh7+ Ke8 37. Rh8+ Kd7 38. Rxd8+ Kxd8 39. fxg4 Kc7 40.
Kd4 Kc6 41. a4 Be2 42. f5 exf5 43. gxf5 gxf5 44. Ke3 Bd1 45. Kf4 Bxa4 46. Kxf5
c3 47. bxc3 bxc3 0-1

[Event "Xtracon Chess Open 2016"]
[Site "Elsinore"]
[Date "2016.07.29"]
[Round "8.181"]
[White "Hina, Ariza"]
[Black "Skjoldager, Morten"]
[Result "1-0"]
[WhiteElo "1370"]
[BlackElo "1629"]
[PlyCount "75"]
[EventDate "2016.07.23"]

1. e4 e5 2. Nc3 Nc6 3. f4 exf4 4. Nf3 Bc5 5. Bc4 d6 6. d3 Nge7 7. Bxf4 Na5 8.
Bb3 Nxb3 9. axb3 a6 10. d4 Ba7 11. O-O O-O 12. Kh1 f6 13. Qe1 Ng6 14. Be3 Re8
15. Nh4 Nxh4 16. Qxh4 b6 17. Rf3 Bb7 18. Rh3 Kf7 19. Qh5+ Ke7 20. Qxh7 Kd7 21.
Qxg7+ Qe7 22. Rh7 Qxg7 23. Rxg7+ Re7 24. Rxe7+ Kxe7 25. d5 Rf8 26. Rf1 c6 27.
g4 c5 28. Kg2 Bc8 29. Kg3 Bb8 30. h3 Bc7 31. Na2 Bd8 32. b4 Bc7 33. Bd2 b5 34.
Bc3 Bd7 35. h4 Rd8 36. h5 Kf7 37. g5 Rg8 38. Bxf6 1-0

[Event "Xtracon Chess Open 2016"]
[Site "Elsinore"]
[Date "2016.07.29"]
[Round "8.182"]
[White "Palozza, Flavio"]
[Black "Joensen, Sigurd"]
[Result "0-1"]
[WhiteElo "1342"]
[BlackElo "1615"]
[PlyCount "102"]
[EventDate "2016.07.23"]

1. e4 e5 2. Nf3 Nc6 3. Bc4 Nf6 4. Ng5 d5 5. exd5 Nxd5 6. Nxf7 Kxf7 7. Qf3+ Ke6
8. Nc3 Nce7 9. d4 c6 10. O-O b5 11. Bb3 a5 12. a3 Bb7 13. Re1 Kd7 14. Ne4 Ng6
15. Qf5+ Kc7 16. dxe5 Qe7 17. Ng5 Bc8 18. e6 Qf6 19. Qg4 Be7 20. c4 h5 21. Qe4
Ndf4 22. Nf7 Rf8 23. cxb5 Bb7 24. b6+ Kxb6 25. Be3+ c5 26. Qc2 Nxe6 27. Rac1
Rac8 28. Bd2 Nd4 29. Qc3 Nxb3 30. Qxb3+ Ka7 31. Re6 Qd4 32. Qb6+ Kb8 33. Be3
Qd5 34. Rxg6 Rxf7 35. b4 Rc6 36. Qb5 Rxg6 37. Qe8+ Bd8 38. f3 Rxf3 39. Qxg6
Rxe3 40. Rf1 Qg5 41. Qd6+ Ka8 42. g3 Qd5 43. Qxd5 Bxd5 44. Rd1 Re5 45. bxc5 Kb7
46. Rb1+ Kc6 47. Rb8 Bc7 48. Rc8 Be6 49. Re8 g5 50. Rh8 g4 51. Rh7 Rxc5 0-1

[Event "Xtracon Chess Open 2016"]
[Site "Elsinore"]
[Date "2016.07.29"]
[Round "8.183"]
[White "Hestholm, Gustav"]
[Black "Starup, Leo"]
[Result "0-1"]
[WhiteElo "1055"]
[BlackElo "1598"]
[PlyCount "76"]
[EventDate "2016.07.23"]

1. e4 c5 2. c3 g6 3. d4 cxd4 4. cxd4 d6 5. Nf3 Bg7 6. Nc3 Nf6 7. Bc4 O-O 8. O-O
Nc6 9. Bf4 Bg4 10. d5 Na5 11. Bb5 a6 12. Ba4 b5 13. Bb3 Rc8 14. h3 Bxf3 15.
Qxf3 Nxb3 16. axb3 Qb6 17. Ra2 Nd7 18. Rfa1 Ra8 19. Qd3 Nc5 20. Qe3 Rfb8 21. b4
Nb3 22. Qxb6 Rxb6 23. Rb1 e5 24. dxe6 fxe6 25. Rd1 e5 26. Be3 Nd4 27. Bxd4 exd4
28. Ne2 Rc8 29. b3 Rbc6 30. Nxd4 Rc1 31. Ra1 Rxa1 32. Rxa1 Bxd4 33. Rxa6 Rc2
34. Ra5 Rxf2 35. Kh2 Be5+ 36. Kg1 Bg3 37. Rxb5 Re2 38. Kf1 Re1# 0-1

[Event "Xtracon Chess Open 2016"]
[Site "Elsinore"]
[Date "2016.07.29"]
[Round "8.185"]
[White "Huse, Arne Kjelsbol"]
[Black "Langvik, Ulrikke"]
[Result "0-1"]
[WhiteElo "1163"]
[BlackElo "1583"]
[PlyCount "36"]
[EventDate "2016.07.23"]

1. e4 e6 2. d4 d5 3. e5 c5 4. c3 Qb6 5. Nf3 Nc6 6. Be2 Bd7 7. O-O Nh6 8. Na3
Nf5 9. Nc2 Be7 10. Re1 O-O 11. g4 Nh4 12. Nxh4 Bxh4 13. g5 cxd4 14. cxd4 Rac8
15. Qd3 Nxe5 16. Qh3 Rxc2 17. Qxh4 Rxe2 18. Rxe2 Nf3+ 0-1